000 00658nam a2200181Ia 4500
001 11688
003 GE_BSU
008 181216s||||||||xx |||||||||||||| ||und||
040 _cGE_BSU
245 _aРеферативный журнал.№7.Экономика промышленности. 2014
245 _b20.Экономика промышленности.Выходит 12раз в год.
245 _cгл. ред. Ран П.А Минакир, и др.
260 _aМосква
260 _c2014
300 _a16стр.306см.
653 _aРеферативный журнал.Экономика промышленности.
942 _cCR
999 _c44873
_d44873